| 000 | 00457nam a22001457a 4500 | ||
|---|---|---|---|
| 005 | 20260311111451.0 | ||
| 008 | 260311b |||||||| |||| 00| 0 eng d | ||
| 050 |
_aTHE TK 5103 .59 .M83 2016 _b1 |
||
| 100 | _aMUCHANGI GATHONDU PETER | ||
| 245 | _aMODEL FOR EVALUATING COST OF FIBRE AND ETHERNET CABLE LAN INFRASTRUCTURES IN NYERI AND NAIROBI | ||
| 260 |
_aKISII _bKSU _c2016 |
||
| 300 | _aXIII,90P;ILL | ||
| 500 | _aINCLUDES REFERENCES | ||
| 942 |
_2lcc _cSL |
||
| 999 |
_c216825 _d216825 |
||